000 01885cam a22003614i 4500
003 PE-LiUPU
005 20250731183450.0
008 241231b |||||||| |||| 00| 0 spa d
020 _a9788497943833
040 _bspa
_cPE-LiUPU
_erda
_dPE-LiUPU
082 0 4 _a743
_bP371l
_223
100 1 _aPedretti, Carlo,
_d1928-2018
_eautor.
_94888
245 1 0 _aLeonardo :
_bel arte del dibujo /
_cCarlo Pedretti, Sara Taglialagamba.
264 1 _aArganda del Rey, Madrid :
_bEdimat Libros,
_c[2018].
300 _a239 páginas :
_bilustraciones (blanco y negro y color) ;
_c30 centímetros.
336 _atext
_2rdacontent
337 _aunmediated
_2rdamedia
338 _avolume
_2rdacarrier
504 _aBibliografía: páginas 235-239
505 _aLos dibujos más bellos de Leonardo -- La belleza según Leonardo -- De la belleza a la utilidad y viceversa -- Del dibujo a la pintura -- Manos -- San Juan Bautista -- Dibujos grotescos -- Santa Ana -- La última cena -- Leda y el cisne -- Trajes de fiesta y teatro -- Isabel de este -- La adoración de los magos -- Drapeado -- Caballo y estudios para estatuas ecuestres -- La batalla de anghiari -- Figuras hercúleas y estudios anatómicos -- Paisajes -- Flores y plantas -- Las dos vírgenes -- Mona lisa -- Diluvios Vida de Leonardo.
526 _aP158
526 _aP146
526 _aP17
526 _aP12
526 _aP06
600 0 _aLeonardo da Vinci,
_d1452-1519
_2embne
_94889
655 0 _aLibros ilustrados
_94890
700 _aTaglialagamba, Sara,
_eautor.
_94891
942 _2ddc
_cBK
999 _c62811
_d62810
980 _618226
_aJaime Vilcazán Jefe de Análisis Documental
_81
_gALBERTO SANCHEZ Responsable de Automatización